000 00668nam a2200241Ia 4500
003 OSt
005 20220918194331.0
006 a|||||r|||| 00| 0
007 ta
008 220917b |||||||| |||| 00| 0 eng d
024 _a78,837
037 _cTextual
040 _aARTS
_cARTS
_beng
041 _2eng
_aeng
082 _aS0T15, K0
100 _aPhillips Beeman N etc
_984402
245 0 _aPsychology at work in the elementary school classroom
260 _c1960
490 _aExploration series in education ed by John Guy Fowlkes
650 _aPSYCHOLOGY
942 _hS0T15, K0
_cTEXL
_2CC
999 _c202614
_d202614